000 00516nam a2200205Ia 4500
005 20240823030258.0
008 240823s9999||||xx |||||||||||||| ||und||
020 _a978-81-203-3834-0
041 _aENGLISH
082 _A620.11 Q0
100 _aKenneth G Budinski
245 0 _aEngineering Materials Properties and Selection
250 _a9th
260 _c2010
_b#VALUE!
500 _aYES
650 _aEngineering Materials
_bMechanical
700 _a Michael K Budinski
942 _cBK
999 _c188319
_d188319